| 000 | 00499nam a22001937a 4500 | ||
|---|---|---|---|
| 005 | 20250218074003.0 | ||
| 008 | 250218b |||||||| |||| 00| 0 eng d | ||
| 020 | _a9789324405746 | ||
| 040 |
_aIN-DiNC _cIN-DiNC |
||
| 041 | _dasm | ||
| 082 |
_a920 _bNEO |
||
| 100 |
_aNeog, Maheswar _eauthor |
||
| 245 |
_aSri Sri Sankardeva/ _cby Maheswar Neog |
||
| 250 | _a9th ed. | ||
| 260 |
_aGuwahati: _bChandra prakash, _c2016. |
||
| 300 | _a168p. | ||
| 650 | _aBiography of Sankardeva | ||
| 942 |
_2ddc _cBK |
||
| 999 |
_c12038 _d12038 |
||